European Countries With Seven Letters - Statistics

General Stats
  • This quiz has been taken 370 times
  • The average score is 13 of 16
Answer Stats
country % Correct
Belgium
93%
Finland
93%
Germany
93%
Albania
90%
Denmark
88%
Ireland
88%
Andorra
87%
Estonia
86%
Iceland
86%
Hungary
85%
Austria
84%
Croatia
81%
Belarus
80%
Romania
75%
Ukraine
73%
Moldova
65%
No matching quizzes found
Score Distribution
Percent of People with Each Score
Percentile by Number Answered
Your Score History
You have not taken this quiz